[Event "Stay Safe Play From Home 149"]
[Site "T#646041Emanuel Laske"]
[Date "2020.05.14"]
[Round "2"]
[White "SoulofWolf"]
[Black "Tobo Rubirosa"]
[Result "1-0"]
[WhiteElo "2105"]
[BlackElo "1513"]
[Annotator "TA"]
[PlyCount "69"]
[EventDate "2020.05.14"]
[EventType "swiss (blitz)"]

{[%evp 14,69,29,2,-1,-122,-120,-111,-127,-179,-170,-179,-182,-167,-170,-173,-177,-169,-162,-174,-174,-207,-114,-92,-107,-112,-76,-190,-179,-186,-51,-185,36,46,35,64,117,104,166,119,719,93,95,0,0,0,161,89,654,656,646,591,651,650,858,847,850,806]} 1. d4 Nf6 2. Nf3 g6 3. c4 Bg7 4. Nc3 d6 5. g3 O-O 6. Bg2 c5 7. O-O Nc6 8. d5 Na5 $1 {E66: King's Indian: Fianchetto: 6...c5 7 0-0 Nc6 8 d5.} 9. Qa4 {[#]} (9. Nd2 $11 {keeps the balance.}) 9... Bd7 $146 ({Predecessor:} 9... a6 10. e4 Nd7 11. Bd2 Rb8 12. h3 b5 13. cxb5 c4 14. Qc2 axb5 15. Ne2 Ba6 16. Bc3 {1-0 (31) Omelka,A (1957)-Otradovec,L (1837) Tabor 2012}) 10. Qc2 Nxc4 {Black is better.} 11. b3 {[#]} (11. e4 $17 {is the only way for White.}) 11... Nb6 $1 $19 12. Bb2 Nbxd5 13. Nxd5 Nxd5 14. Bxg7 Kxg7 15. Qb2+ Kg8 16. Rad1 Nf6 17. Ng5 Bf5 (17... Qc7 $19 18. Rfe1 Rad8) 18. Bxb7 $17 Rb8 19. Bg2 {[#]} c4 $1 {[%mdl 512]} 20. b4 (20. e4 $17 Bg4 21. Rc1) (20. bxc4 Rxb2) 20... Qc7 21. Qc3 d5 (21... h6 $19 22. Nf3 Be4) 22. a3 (22. Bxd5 $15 Nxd5 23. Rxd5) 22... e5 $2 (22... h6 $19 23. Nf3 Be4) 23. Bxd5 $14 Nxd5 24. Rxd5 Rfd8 (24... e4 $14) 25. Rc5 Qd6 (25... Qe7 $16) 26. Rxe5 Qd2 $2 {[%mdl 8192] [#]} (26... Rbc8 $16) 27. Qxd2 $2 (27. Re8+ $1 $18 {[%mdl 512] is the precise move to win.} Rxe8 28. Qxd2) 27... Rxd2 $16 28. Rc5 ({Better is} 28. Rc1 $16) 28... Rxe2 $11 29. Rxc4 Re5 $2 (29... h6 $11 {and Black is okay.} 30. Nf3 Ra2) 30. Nf3 (30. Rc7 $18) 30... Bd3 $2 {[%mdl 8192]} (30... Rd5 $16) 31. Nxe5 $18 {White is clearly winning.} Bxc4 32. Nxc4 Rc8 33. Rc1 a5 34. Rc2 axb4 35. axb4 {Accuracy: White = 36%, Black = 35%.} 1-0

[Event "Stay Safe Play From Home 149"]
[Site "T#646041Emanuel Laske"]
[Date "2020.05.14"]
[Round "2"]
[White "Tumnik_ad"]
[Black "Käptn"]
[Result "1-0"]
[WhiteElo "1952"]
[BlackElo "2078"]
[Annotator "TA"]
[PlyCount "51"]
[EventDate "2020.05.14"]
[EventType "swiss (blitz)"]

{[%evp 9,51,25,47,0,0,0,61,44,48,-43,-43,-43,-38,-48,-47,-45,8,-58,-69,-70,-7,-70,-55,-66,-51,-68,-62,-101,-86,-128,-75,-87,-35,-41,-19,-19,-24,-19,-22,-24,29997,29998,29998,29999]} 1. e4 Nf6 2. Nc3 d5 3. e5 Ne4 4. Nce2 Nc5 5. b4 Ne6 6. Bb2 {[#] B02: Alekhine's Defence: Chase Variation and lines with early Nc3.} g6 $146 ({Predecessor:} 6... d4 7. Nf3 c5 8. bxc5 Nc6 9. d3 Qd5 10. c3 dxc3 11. Bxc3 Nxc5 12. Nf4 Qd8 {1-0 (20) Frank,T-Huss,R (2185) Hessen 1999}) 7. d4 Ng7 (7... c6 $11) 8. Nf3 {White is slightly better.} e6 9. Ng3 (9. a3 $14) 9... Bxb4+ $15 10. c3 Be7 11. Bd3 c5 12. O-O Nc6 (12... c4 $15 13. Bc2 Nc6) 13. Bb5 (13. dxc5 $1 $11 Qa5 14. c4) 13... Bd7 14. Bxc6 bxc6 (14... Bxc6 $15 15. a4 O-O) 15. Qb3 (15. Qc1 $11) 15... Rb8 16. Qc2 Qa5 17. Bc1 O-O 18. Bd2 c4 19. Bc1 Rb6 (19... Rfc8 $142 20. Bg5 Bf8) 20. Qd2 $17 Rfb8 (20... Re8 $17 21. a4 Reb8) 21. Qh6 $1 $15 Nf5 ({Worse is} 21... Qxc3 22. Bg5 $16) 22. Nxf5 exf5 23. Ng5 $1 Bxg5 $1 24. Bxg5 {Intending Bf6 and mate.} c5 $2 {[%mdl 8192] [#]} (24... Qa3 $11) 25. Bf6 Rxf6 26. exf6 {Accuracy: White = 57%, Black = 56%.} 1-0

[Event "Stay Safe Play From Home 149"]
[Site "T#646041Emanuel Laske"]
[Date "2020.05.14"]
[Round "2"]
[White "Ionutn28"]
[Black "Emresenar"]
[Result "0-1"]
[WhiteElo "1876"]
[BlackElo "1773"]
[Annotator "NA RC"]
[PlyCount "98"]
[EventDate "2020.05.14"]
[EventType "swiss (blitz)"]

1. e4 {[%emt 0:00:02]} b6 {[%emt 0:00:00]} 2. d4 {[%emt 0:00:01]} Bb7 {[%emt 0:00:00]} 3. Bd3 {[%emt 0:00:00]} g6 {[%emt 0:00:00]} 4. Nf3 {[%emt 0:00:00]} Bg7 {[%emt 0:00:02]} 5. c3 {[%emt 0:00:03]} e6 {[%emt 0:00:00]} 6. Be3 {[%emt 0:00:00]} Ne7 {[%emt 0:00:00]} 7. O-O {[%emt 0:00:00]} d5 {[%emt 0:00:00]} 8. e5 {[%emt 0:00:02]} O-O {[%emt 0:00:01]} 9. Qd2 {[%emt 0:00:01]} c5 {[%emt 0:00:01]} 10. Bh6 {[%emt 0:00:01]} c4 {[%emt 0:00:02]} 11. Bc2 {[%emt 0:00:01]} Nf5 {[%emt 0:00:01]} 12. Bxg7 {[%emt 0:00:01]} Nxg7 {[%emt 0:00:01]} 13. Na3 {[%emt 0:00:01]} Nd7 {[%emt 0:00:01]} 14. Nb5 {[%emt 0:00:02]} a6 {[%emt 0:00:01]} 15. Nd6 {[%emt 0:00:01]} Qc7 {[%emt 0:00:01]} 16. Nxb7 {[%emt 0:00:01]} Qxb7 {[%emt 0:00:01]} 17. a4 {[%emt 0:00:01]} b5 {[%emt 0:00:01]} 18. axb5 {[%emt 0:00:01]} axb5 {[%emt 0:00:00]} 19. h3 {[%emt 0:00:01]} Nb6 {[%emt 0:00:02]} 20. Nh2 {[%emt 0:00:04]} Na4 {[%emt 0:00:01]} 21. Bxa4 {[%emt 0:00:02]} Rxa4 {[%emt 0:00:00]} 22. Rxa4 {[%emt 0:00:01]} bxa4 {[%emt 0:00:00]} 23. Ng4 {[%emt 0:00:01]} Ne8 {[%emt 0:00:08]} 24. Qh6 {[%emt 0:00:04]} f5 {[%emt 0:00:04]} 25. exf6 {[%emt 0:00:03]} Nxf6 {[%emt 0:00:01]} 26. Ne5 {[%emt 0:00:05]} Qg7 {[%emt 0:00:02]} 27. Qd2 {[%emt 0:00:03]} Rb8 {[%emt 0:00:03]} 28. Ra1 {[%emt 0:00:01]} Ne4 {[%emt 0:00:03]} 29. Qd1 {[%emt 0:00:02]} Rxb2 {[%emt 0:00:02]} 30. Rxa4 {[%emt 0:00:01]} Rxf2 {[%emt 0:00:01]} 31. Ra8+ {[%emt 0:00:01]} Rf8 {[%emt 0:00:01]} 32. Rxf8+ {[%emt 0:00:02]} Qxf8 {[%emt 0:00:00]} 33. Qg4 {[%emt 0:00:01]} Qf5 {[%emt 0:00:04]} 34. Qxf5 {[%emt 0:00:02]} exf5 {[%emt 0:00:01]} 35. Nd7 {[%emt 0:00:01]} Nxc3 {[%emt 0:00:00]} 36. Nb6 {[%emt 0:00:00]} Nb5 {[%emt 0:00:01]} 37. Kf2 {[%emt 0:00:00]} Nxd4 {[%emt 0:00:01]} 38. Nxd5 {[%emt 0:00:00]} Kf7 {[%emt 0:00:02]} 39. Ke3 {[%emt 0:00:01]} Ne6 {[%emt 0:00:03]} 40. g3 {[%emt 0:00:00]} Ke8 {[%emt 0:00:01]} 41. Nc3 {[%emt 0:00:01]} Kd7 {[%emt 0:00:01]} 42. Kd2 {[%emt 0:00:01]} Kd6 {[%emt 0:00:00]} 43. Ke3 {[%emt 0:00:00]} Kc5 {[%emt 0:00:00]} 44. g4 {[%emt 0:00:00]} fxg4 {[%emt 0:00:01]} 45. hxg4 {[%emt 0:00:00]} h5 {[%emt 0:00:00]} 46. Ne4+ {[%emt 0:00:01]} Kb4 {[%emt 0:00:02]} 47. gxh5 {[%emt 0:00:00]} gxh5 {[%emt 0:00:01]} 48. Kd2 {[%emt 0:00:00]} h4 {[%emt 0:00:00]} 49. Kc2 {[%emt 0:00:00]} Nf4 {[%emt 0:00:00] Time (Lag: Av=0.63s, max=1.2s)} 0-1

[Event "Stay Safe Play From Home 149"]
[Site "T#646041Emanuel Laske"]
[Date "2020.05.14"]
[Round "2"]
[White "Nagaram"]
[Black "Lazieri3"]
[Result "1/2-1/2"]
[WhiteElo "1667"]
[BlackElo "1976"]
[Annotator "TA"]
[PlyCount "125"]
[EventDate "2020.05.14"]
[EventType "swiss (blitz)"]

{[%evp 10,125,14,0,71,-5,-1,-32,-20,-45,-16,-27,34,-17,-13,0,0,-39,-5,0,17,14,15,0,0,0,0,-14,0,-17,-8,-47,-43,-50,-48,-104,-101,-110,-106,-128,-115,-137,-146,-529,-107,-113,-90,-90,-90,-90,-58,-65,-56,-64,-58,-72,-72,-83,-72,-72,-72,-72,-63,-77,-71,-79,-72,-77,-77,-88,-88,-108,-108,-108,-88,-88,0,0,0,0,0,0,0,0,0,0,0,0,0,0,0,0,0,0,0,0,0,-54,0,0,0,0,0,-54,0,-47,-20,-54,0,0,0,-54,0,0,0,-54,0,0]} 1. e4 c6 2. Nf3 d5 3. exd5 cxd5 4. d4 Nc6 5. c4 Nf6 6. Nc3 Bf5 {B13: Caro-Kann: Exchange Variation and Panov-Botvinnik Attack.} (6... g6 $11 {remains equal.}) 7. Bd2 ({Better is} 7. Qb3 $16) 7... e6 8. cxd5 Nxd5 {Black is slightly better.} 9. Bb5 {[#]} Nxc3 $146 ({Predecessor:} 9... Rc8 10. Rc1 a6 11. Bxc6+ Rxc6 12. Nxd5 Qxd5 13. Rxc6 Qxc6 14. Qc1 Qe4+ 15. Kd1 Be7 {0-1 (32) Baselt,J (1183)-Stromecki,M (1510) Cuxhaven 2005}) 10. Bxc3 Bd6 (10... Be4 $11) 11. O-O ({White should play} 11. d5 $14 exd5 12. Qxd5 Qe7+ 13. Kf1) 11... O-O 12. Bxc6 bxc6 13. Ne5 Bxe5 14. dxe5 Qg5 15. Qf3 c5 16. Qg3 Qxg3 17. fxg3 Rfd8 18. Rad1 a6 19. Rxd8+ Rxd8 $11 {[%mdl 4096] Endgame KRB-KRB} 20. b4 cxb4 21. Bxb4 Rd5 22. a4 (22. Bd6 $15) 22... Rxe5 $17 23. a5 Rb5 24. Be1 h6 25. Rf2 Rb1 26. Rf1 $2 {[%mdl 8192] [#]} (26. Re2 $17 {was the crucial defense.}) 26... Rb2 $2 (26... Bd3 $19 {and Black stays clearly on top.} 27. Kf2 Rb2+ 28. Kg1 Rb1) 27. Rf2 Rxf2 (27... Rb3 {looks sharper.} 28. Rf4 Bd3 29. Rd4 Bb5 30. g4 Re3) 28. Bxf2 {KB-KB} f6 29. Kf1 Be4 30. h3 e5 31. Be3 Kf7 32. Kf2 h5 33. Bd2 Ke6 34. g4 hxg4 35. hxg4 g6 36. Kg3 Bd5 37. Be3 Bc4 38. Bd2 Kd5 39. g5 f5 40. Bc3 f4+ 41. Kf2 Bd3 42. g3 Bf5 (42... Be4 $17) 43. gxf4 $11 exf4 44. Kf3 Be4+ (44... Bb1 {keeps more tension.} 45. Kxf4 Bd3 46. Be1 Kc6 47. Ke3 Bb5) 45. Kxf4 Bd3 46. Bf6 Bf5 47. Kg3 Ke4 48. Kf2 Kd5 49. Kg3 Ke4 50. Kf2 Kd5 51. Ke1 Kc4 52. Kd1 Kb5 53. Bb2 (53. Bc3 $11) 53... Ka4 (53... Kxa5 $15 54. Kd2 Kb4) 54. Bc3 $1 Kb5 55. Kd2 Ka4 56. Bg7 (56. Ke1 $11) 56... Kb5 (56... Kxa5 $15 57. Kc3 Kb5) 57. Kc3 Be6 58. Kb2 Bf5 (58... Kxa5 $15 59. Kc3 Ba2) 59. Bc3 Be6 60. Bd4 (60. Kc2 $11) 60... Bf5 (60... Kxa5 $15 61. Kc3 Kb5) 61. Bc3 Be6 62. Bd4 ({White has to play} 62. Be1 $1 $11) 62... Bf5 ({Black should try} 62... Kxa5 $15 63. Kc3 Kb5) 63. Bc3 {Accuracy: White = 71%, Black = 70%.} 1/2-1/2

[Event "Stay Safe Play From Home 149"]
[Site "T#646041Emanuel Laske"]
[Date "2020.05.14"]
[Round "2"]
[White "Trotsky"]
[Black "Don59as"]
[Result "0-1"]
[WhiteElo "1641"]
[BlackElo "2012"]
[Annotator "RC"]
[PlyCount "62"]
[EventDate "2020.05.14"]
[EventType "swiss (blitz)"]

1. d4 {[%emt 0:00:01]} d5 {[%emt 0:00:01]} 2. e3 {[%emt 0:00:00]} e6 {[%emt 0:00:04]} 3. c4 {[%emt 0:00:01]} Nf6 {[%emt 0:00:01]} 4. Nc3 {[%emt 0:00:01]} Be7 {[%emt 0:00:01]} 5. Nf3 {[%emt 0:00:01]} O-O {[%emt 0:00:00]} 6. Qc2 {[%emt 0:00:01]} a6 {[%emt 0:00:01]} 7. Bd3 {[%emt 0:00:02]} dxc4 {[%emt 0:00:00]} 8. Bxc4 {[%emt 0:00:01]} b5 {[%emt 0:00:01]} 9. Bd3 {[%emt 0:00:01]} Bb7 {[%emt 0:00:00]} 10. Ng5 {[%emt 0:00:01]} h6 {[%emt 0:00:01]} 11. h4 {[%emt 0:00:01]} Nc6 {[%emt 0:00:02]} 12. Nce4 {[%emt 0:00:02]} Nb4 {[%emt 0:00:07]} 13. Nxf6+ {[%emt 0:00:01]} Bxf6 {[%emt 0:00:01]} 14. Bh7+ {[%emt 0:00:01]} Kh8 {[%emt 0:00:01]} 15. Qb1 {[%emt 0:00:01]} Bxg5 {[%emt 0:00:05]} 16. hxg5 {[%emt 0:00:02]} Qxg5 {[%emt 0:00:01]} 17. Bd2 {[%emt 0:00:02]} Qxg2 {[%emt 0:00:03]} 18. Rf1 {[%emt 0:00:08]} Nd5 {[%emt 0:00:02]} 19. Qc2 {[%emt 0:00:02]} Rac8 {[%emt 0:00:04]} 20. O-O-O {[%emt 0:00:04]} Nf6 {[%emt 0:00:01]} 21. Bd3 {[%emt 0:00:05]} Be4 {[%emt 0:00:03]} 22. Rh1 {[%emt 0:00:03]} Bxd3 {[%emt 0:00:02]} 23. Qxd3 {[%emt 0:00:01]} Qe4 {[%emt 0:00:01]} 24. Qe2 {[%emt 0:00:03]} c5 {[%emt 0:00:01]} 25. f3 {[%emt 0:00:01]} Qd5 {[%emt 0:00:01]} 26. Kb1 {[%emt 0:00:01]} cxd4 {[%emt 0:00:02]} 27. exd4 {[%emt 0:00:01]} Qf5+ {[%emt 0:00:01]} 28. Ka1 {[%emt 0:00:01]} Rc2 {[%emt 0:00:01]} 29. Rc1 {[%emt 0:00:03]} Rfc8 {[%emt 0:00:01]} 30. Rxh6+ {[%emt 0:00:04]} gxh6 {[%emt 0:00:02]} 31. Bxh6 {[%emt 0:00:02]} Rxc1+ {[%emt 0:00:01] Âðåìÿ (Lag: Av=0.44s, max=0.7s)} 0-1

[Event "Stay Safe Play From Home 149"]
[Site "T#646041Emanuel Laske"]
[Date "2020.05.14"]
[Round "2"]
[White "Gibiz144"]
[Black "Shatarchin7"]
[Result "0-1"]
[WhiteElo "1587"]
[BlackElo "2269"]
[Annotator "TA"]
[PlyCount "68"]
[EventDate "2020.05.14"]
[EventType "swiss (blitz)"]

{[%evp 9,68,-8,-7,-23,-23,-22,-19,-24,-5,-12,-15,-35,-20,-72,-79,-124,-72,-366,-368,-608,-600,-602,-602,-593,-581,-588,-581,-659,-649,-675,-754,-748,-728,-877,-873,-882,-668,-875,-811,-794,-74,-860,-840,-984,-977,-950,-937,-1848,-1753,-29985,-29985,-29991,-29992,-29992,-29993,-29993,-29989,-29989,-29990,-29990,-29991]} 1. d4 Nf6 2. Bg5 d5 3. Bxf6 exf6 4. e3 c6 5. Bd3 f5 6. c3 {D00: 1 d4 d5: Unusual lines.} Bd6 7. Qc2 g6 8. h4 {The position is equal.} h5 9. Ne2 O-O 10. Nd2 Nd7 11. O-O-O (11. a4 $11 {remains equal.}) 11... Nf6 {[#]} 12. Rdg1 $146 ({Predecessor:} 12. Nf4 Re8 13. g3 b5 14. Kb1 a5 15. Rc1 Ba6 16. Qd1 Qb6 17. Re1 Kg7 18. Rg1 {0-1 (44) Moser,G (2280)-Stanec,N (2460) Aschach 1994}) 12... Ne4 (12... b5 $142) 13. Nxe4 $4 {[%mdl 8192] [#]} (13. Bxe4 $17 fxe4 14. c4) 13... fxe4 $19 14. Ng3 $2 (14. Bxe4 dxe4 15. f3) 14... exd3 15. Qxd3 Bxg3 16. fxg3 Bf5 17. Qd2 Qe7 18. Rf1 Rfe8 19. Rf3 Qe4 {[%csl Gf5][%cal Re4b1]} 20. Kd1 Bg4 {[%mdl 64] [#] Pin} 21. Rhf1 Bxf3+ 22. Rxf3 Re6 23. Ke2 Qg4 24. Kf2 Rae8 $2 (24... Kg7 $19 {and Black stays clearly on top.} 25. Rf4 Rf6 26. Rxf6 Kxf6) 25. b3 $2 {[%mdl 8192]} (25. Rf4 $17) 25... Qe4 26. c4 dxc4 27. bxc4 Qb1 28. d5 cxd5 29. cxd5 Rb6 {Black mates.} 30. Qd4 Rb2+ 31. Qxb2 Qxb2+ 32. Kg1 Qxa2 33. d6 Qd5 34. d7 Qxd7 {Black took control after the opening. Accuracy: White = 34%, Black = 92%.} 0-1

[Event "Stay Safe Play From Home 149"]
[Site "T#646041Emanuel Laske"]
[Date "2020.05.14"]
[Round "2"]
[White "Germanicus G"]
[Black "Chesstiger9"]
[Result "0-1"]
[WhiteElo "1235"]
[BlackElo "1947"]
[Annotator "TA"]
[PlyCount "44"]
[EventDate "2020.05.14"]
[EventType "swiss (blitz)"]

{[%evp 9,44,-13,-22,-27,-1,-16,16,14,80,99,175,173,318,216,210,211,285,158,167,164,140,127,133,131,162,159,145,156,146,67,78,81,135,124,143,136,133]} 1. e3 c5 2. d3 d5 3. c3 e5 {[#]} 4. d4 $146 ({Predecessor:} 4. Nd2 Nf6 5. h3 h6 6. g3 Nc6 7. Bg2 Be6 8. b3 Be7 9. Bb2 O-O 10. Ne2 {0-1 (42) Coimbra,J (1382)-Mendes,A (1683) Luso 2017}) 4... cxd4 5. cxd4 e4 6. Ne2 {A00: Irregular Openings.} Nc6 7. Nbc3 g6 8. Qb3 {The position is equal.} Nge7 (8... Nf6 $11 {keeps the balance.}) 9. Nf4 $16 Qa5 (9... Be6 $16) 10. Bd2 $18 {[%cal Rc3d5]} Be6 (10... Qd8 {was worth a try.} 11. Nfxd5 (11. Ncxd5 Nxd5 12. Qxd5 Bf5 $18) 11... Nxd5) 11. Nxe6 fxe6 {[#]} 12. Nxe4 $1 {[%mdl 512]} Qd8 (12... dxe4 13. Bxa5) 13. Nc3 (13. Nc5 $18) 13... Bg7 14. Be2 O-O 15. Bg4 Qd7 16. O-O Rad8 17. Na4 {[#] Black must now prevent Nc5.} b6 18. Rac1 Kh8 19. Bb4 ({White should play} 19. f4 $16) 19... Nxb4 $14 20. Qxb4 Rc8 (20... h5 $142 21. Be2 e5) 21. Nc3 $16 Nf5 22. Bxf5 exf5 {[%mdl 32768] Accuracy: White = 64%, Black = 41%. . Loss on time!?} 0-1

[Event "Stay Safe Play From Home 149"]
[Site "T#646041Emanuel Laske"]
[Date "2020.05.14"]
[Round "3"]
[White "Popovic Milan"]
[Black "SoulofWolf"]
[Result "1-0"]
[WhiteElo "2675"]
[BlackElo "2107"]
[Annotator "TA"]
[PlyCount "43"]
[EventDate "2020.05.14"]
[EventType "swiss (blitz)"]

{[%evp 18,43,66,17,99,57,62,68,68,59,56,55,194,195,229,62,172,59,62,32,318,147,160,139,29989,29990,29990,29991]} 1. e4 e6 2. d4 d5 3. Nc3 dxe4 4. Nxe4 Nf6 5. Nxf6+ Qxf6 6. Nf3 h6 7. Bd3 Bd6 8. O-O Nc6 9. c3 O-O 10. Qe2 Ne7 {C10: French with 3 Nc3: Unusual Black 3rd moves and 3...dxe4.} (10... e5 $11) 11. Re1 {[#]} Ng6 $146 ({Predecessor:} 11... Nd5 12. Qe4 Qf5 13. Qxf5 exf5 14. c4 Nb4 15. Bb1 b6 16. a3 Na6 17. Nh4 f4 18. Nf5 Bxf5 19. Bxf5 {1-0 (45) Fenollar Jorda,M-Puig Llopis,J Burjasot 1996}) 12. Ne5 Bxe5 {White is slightly better.} 13. dxe5 Qh4 14. Qf3 c6 ({Black should play} 14... Rd8 $14) 15. Re4 $1 $18 {[%cal Re4h4]} Qe7 {[#]} 16. Be3 $2 ({Better is} 16. Rg4 $1 $18) 16... f6 {[#]} (16... f5 $1 $14) 17. exf6 (17. Qg3 $1 $18 {[%cal Rg3g6]} Nxe5 18. Bc2) 17... Rxf6 $14 18. Qg3 {Threatens to win with Bxh6!} Qf7 $2 {[%mdl 8192]} ({Black should try} 18... e5 $14) 19. Rg4 (19. Rd4 $18 {is the precise move to win.}) 19... Ne7 $16 20. Bd4 Rg6 $2 {[%mdl 8192]} (20... e5 $16 21. Bxe5 Bxg4 22. Bxf6 (22. Qxg4 Re6 $11) 22... Qxf6) 21. Bxg6 Nxg6 22. Rxg6 {Accuracy: White = 32%, Black = 29%.} 1-0

[Event "Stay Safe Play From Home 149"]
[Site "T#646041Emanuel Laske"]
[Date "2020.05.14"]
[Round "3"]
[White "Indianquant"]
[Black "Mepe_Nika"]
[Result "1-0"]
[WhiteElo "2297"]
[BlackElo "2278"]
[Annotator "TA"]
[PlyCount "121"]
[EventDate "2020.05.14"]
[EventType "swiss (blitz)"]

{[%evp 22,120,76,58,253,258,487,309,228,243,583,574,748,758,958,941,1090,797,770,495,486,410,406,401,416,418,420,406,443,437,437,435,438,431,471,462,441,317,347,318,389,328,329,324,345,342,345,343,348,348,356,349,571,564,576,534,601,588,583,570,607,580,807,784,815,786,779,765,1064,986,29974,29974,29974,29975,29978,29978,29973,29972,29995,29996,29996,29997,29997,29997,29997,29998,29998,29998,29998,29997,29997,29997,29997,29998,29998,29998,29998,29998,29998,29999,29999]} 1. Nf3 Nf6 2. c4 c6 3. Nc3 d5 4. d4 e6 5. e3 Nbd7 6. Bd3 Bd6 7. O-O O-O 8. e4 dxc4 9. Bxc4 e5 10. Bg5 Qc7 11. d5 a6 12. Rc1 {[#]} b5 $146 {[#] D46: Semi-Slav: 5 e3 Nbd7 6 Bd3, Black avoids the Meran.} (12... Rb8 $14) ({Predecessor:} 12... c5 13. a4 b6 14. Nd2 Ne8 15. Be2 f6 16. Be3 g6 17. Nc4 Rb8 18. Bh6 Ng7 19. Ne3 f5 20. Nc4 {1-0 (31) Dubov,D (2703)-Lobanov,S (2539) Sochi 2018}) 13. dxc6 $1 $18 Qxc6 $2 (13... bxc4 {might work better.} 14. cxd7 Nxd7) 14. Bb3 {And now Nd5 would win.} Qb6 {White has a decisive advantage.} 15. Nd5 Nxd5 $2 (15... Qd8 16. Nh4 h6) 16. Bxd5 Rb8 {and the idea ...Bc5 leaves Black hopeful.} 17. Rc6 Qa5 18. Rxd6 Nb6 19. Bb3 Nc4 20. Rd8 Be6 {[%cal Rf8d8]} 21. Rxf8+ Rxf8 22. Qe2 h6 23. Bc1 Rc8 24. Rd1 Qb6 25. h3 a5 26. a3 a4 27. Ba2 b4 28. axb4 Qxb4 29. Bxc4 Bxc4 30. Qe3 f6 31. Qa3 Qxa3 32. bxa3 Bb3 33. Re1 Rc2 34. Be3 Ra2 35. Bc5 Rc2 36. Bb4 Rc4 $2 (36... h5 37. Nd2 g6) 37. Nd2 Rc2 38. Nxb3 axb3 {[%mdl 4096] Endgame KRB-KR} 39. Rb1 b2 {[#] White must now prevent ...Rc1+.} 40. Kh2 Rxf2 41. Kg3 Re2 42. Kf3 Rc2 43. a4 Kf7 44. a5 Ke6 45. a6 Rc6 46. a7 {White mates.} Ra6 47. Bc5 Kd7 48. Rxb2 Kc6 49. Be3 Ra2 50. Rxa2 f5 51. a8=Q+ Kd6 52. Qg8 fxe4+ 53. Kxe4 Kc6 54. Qxg7 Kb5 55. Qxh6 Kc4 56. Rd2 Kb3 57. Qd6 Kc3 58. Rd5 Kb3 59. Rc5 Kb4 60. Qb6+ Ka4 61. Ra5# {Black got outplayed after the opening. Accuracy: White = 81%, Black = 39%.} 1-0

[Event "Stay Safe Play From Home 149"]
[Site "T#646041Emanuel Laske"]
[Date "2020.05.14"]
[Round "3"]
[White "Shatarchin7"]
[Black "Lamborghini"]
[Result "1-0"]
[WhiteElo "2270"]
[BlackElo "2342"]
[Annotator "TA"]
[PlyCount "91"]
[EventDate "2020.05.14"]
[EventType "swiss (blitz)"]

{[%evp 15,90,30,90,64,73,-39,-44,-110,-102,-135,9,14,18,4,0,7,16,-21,-16,-59,23,25,16,4,47,25,55,68,69,13,79,0,0,-95,-105,-87,21,-140,49,-185,-188,-175,-177,-175,-119,-117,-104,-111,1189,1189,1167,1189,1163,1109,854,847,1123,1048,1290,1006,1506,1410,1379,1208,29970,6231,29983,5185,29990,29991,29994,29995,29995,29996,29998,29999,29999]} 1. Nf3 g6 2. e3 Bg7 3. c4 d6 4. d4 Nf6 5. Be2 O-O 6. Nc3 Nc6 7. d5 Nb8 8. O-O c5 (8... Re8 $11) 9. Qc2 {E61: King's Indian: Early deviations for White, including Smyslov System.} e6 {[#]} 10. b3 $146 (10. e4 $16) ({Predecessor:} 10. Rd1 exd5 11. cxd5 Re8 12. Nd2 Nbd7 13. h3 a6 14. a4 Rb8 15. e4 Qe7 16. Re1 Nb6 {1-0 (32) Tomic,S (2090)-Milutinovic,S (1896) Paracin 2012}) 10... exd5 $15 11. cxd5 (11. Bb2 $15) 11... Bf5 $17 12. Qd2 Qa5 (12... Ne4 $17 13. Nxe4 Bxa1) 13. Bb2 $11 Re8 14. Bd3 Bxd3 15. Qxd3 Nbd7 16. e4 a6 17. a4 Rad8 (17... c4 $15 18. bxc4 (18. Qxc4 Rac8 $17) 18... Nc5) 18. Nd2 Ne5 19. Qe2 h5 20. h3 Qc7 21. f4 Ned7 22. Nc4 (22. Rae1 $14) 22... Qb8 (22... Nxe4 $11 23. Nxe4 Bxb2 24. Qxb2 (24. Nxb2 f5 $17) 24... Rxe4) 23. Rae1 (23. a5 $16) 23... b5 {[%cal Bb7b5,Bb5b4][%mdl 32]} 24. Na5 {[#]} (24. Nd2 $11) 24... b4 $1 $17 {[%cal Rb4c3]} 25. Nc6 {[%mdl 64] Double Attack} Qb6 (25... Qa8 $17 26. Nd1 Rxe4) 26. Nb1 $2 (26. a5 $11 Qc7 27. Na4 Rxe4 28. Qxa6) 26... Rc8 $2 ({Black should try} 26... Rxe4 $17 27. Bxf6 Rxe2 28. Bxd8 Rxe1 29. Rxe1 Qb7) 27. Nd2 $2 (27. a5 $14 {keeps the upper hand.} Qb7 28. Qc2) 27... Nxd5 $1 $19 {[%mdl 64] Pin, Discovered Attack} 28. Nc4 Qxc6 29. exd5 Rxe2 (29... Qxd5 $19 30. Qd1 Qxd1 31. Rxd1 Bxb2 32. Nxb2 Re3) 30. dxc6 $17 Rxe1 31. Rxe1 Bxb2 $2 {[%mdl 8192]} (31... Rxc6 $17 32. Bxg7 Kxg7) 32. cxd7 $19 {[%mdl 4096] Endgame KRB-KRN} Bd4+ {[#]} 33. Kh2 $1 {[%mdl 512]} Rf8 {[#]} 34. Re8 $1 {[%mdl 512]} Bf6 35. Nxd6 c4 36. Nxc4 g5 37. Nb6 gxf4 {[#]} 38. Nd5 $1 {[%mdl 512]} Bd8 39. Nxb4 a5 40. Nc6 f3 41. Rxd8 (41. Nxd8 $142 f2 42. Rxf8+ Kxf8 {[#]} 43. Ne6+ $1 {[%mdl 576] Clearance, Promotion} fxe6 44. d8=Q+ {[%mdl 64] Double Attack} Kf7 45. Qc7+ Kg6 46. Qg3+ Kf7 47. Qxf2+ Ke7 48. g4) 41... f2 42. Rxf8+ {White mates.} Kg7 43. d8=Q f1=Q 44. Rg8+ Kh6 45. Qg5+ Kh7 46. Qg7# {Accuracy: White = 44%, Black = 34%.} 1-0